ბათუმის შოთა რუსთაველის სახელმწიფო უნივერსიტეტის ბიბლიოთეკა

დაწყებითი საფეხურის მასწავლებლის მეთოდური გზამკვლევი / (ბიბ.ჩანაწერი № 38601)

000 -ლიდერი
ფიქსირებული სიგრძის საკონტროლო ველი 01665nam a2200289Ia 4500
001 - საკონტროლო ნომერი
საკონტროლო ველი 4718
003 - საკონტროლო ნომრის იდენტიფიკატორი
საკონტროლო ველი GE_BSU
005 - ბოლო ოპერაციის თარიღი და დრო
საკონტროლო ველი 20190722160046.0
008 - ფიქსირებული სიგრძის მონაცემთა ელემენტები - ზოგადი ინფორმაცია
ფიქსირებული სიგრძის საკონტროლო ველი 181216s2010||||ge |||||||||||||| ||geo||
020 ## - წიგნის საერთაშორისო სტანდარტული ნომერი
International Standard Book Number 9789941030970
040 ## - კატალოგიზაციის წყარო
Transcribing agency GE_BSU
041 ## - ენის კოდი
Language code of text/sound track or separate title geo
080 ## - უნივერსალური ათობითი კლასიფიკაციის ინდექსი
Universal Decimal Classification number 373.3(479.22)(072) + 371.13(479.22) დ–25
245 ## - ცნობა სათაურის შესახებ
Title დაწყებითი საფეხურის მასწავლებლის მეთოდური გზამკვლევი /
Statement of responsibility, etc მარიამ მირიანაშვილი, ნინო ჯაში, მაია ბლიაძე [და სხვ.] ; რედ. ნინო ელბაქიძე, თეა ქიტოშვილი.
264 ## - წარმოების, გამოცემის, დისტრიბუციის და სხვა ცნობები
გამოცემის, წარმოების, დისტრიბუციის... ადგილი თბილისი :
გამოცემის, წარმოების, დისტრიბუციის... სახელწოდება მასწ. პროფეს. განვით. ეროვნ. ცენტრი ;
გამოცემის, წარმოების, დისტრიბუციის... თარიღი 2010.
300 ## - ფიზიკური აღწერა
Extent 144 გვ. ;
Dimensions 25 სმ.
504 ## - BIBLIOGRAPHY, ETC. NOTE
Bibliography, etc ბიბლიოგრ. : გვ. 138
653 ## - INDEX TERM--UNCONTROLLED
Uncontrolled term დაწყებითი საფეხურის მასწავლებლის მეთოდური გზამკვლევი
653 ## - INDEX TERM--UNCONTROLLED
Uncontrolled term მეთოდური გზამკვლევი
700 ## - ADDED ENTRY--PERSONAL NAME
Personal name მირიანაშვილი, მარიამ
Relator term ავტორი
9 (RLIN) 3277
700 ## - ADDED ENTRY--PERSONAL NAME
Personal name ჯაში, ნინო
Relator term ავტორი
9 (RLIN) 3278
700 ## - ADDED ENTRY--PERSONAL NAME
Personal name ბლიაძე, მაია
Relator term ავტორი
9 (RLIN) 3279
700 ## - ADDED ENTRY--PERSONAL NAME
Personal name ელბაქიძე, ნინო
Relator term რედაქტორი
9 (RLIN) 3280
700 ## - ADDED ENTRY--PERSONAL NAME
Personal name ქიტოშვილი, თეა
Relator term რედაქტორი
9 (RLIN) 3281
942 ## - ADDED ENTRY ELEMENTS (KOHA)
Koha item type წიგნი
Source of classification or shelving scheme
ეგზემპლარები
ჩამოწერის სტატუსი დაკარგული ეგზემპლარის სტატუსი კლასიფიკაციის წყარო ან თაროზე გაწყობის სქემა დაზიანების სტატუსი არ გაიცემა მუდმივი მდებარეობა (დაცვის ადგილი) ამჟამინდელი ადგილსამყოფელი თაროზე განთავსების ადგილი შეძენის თარიღი ღირებულება, შესყიდვის ნორმალური ფასი სრული შენახვის შიფრი შტრიხკოდი ბოლო ოპერაციის თარიღი ეგზემპლარის მიმდევრობითი ნომერი (კეტერი?) ფასის ძალაში შესვლის თარიღი ეგზემპლარის სახეობა საჯარო შენიშვნა
          ბათუმის შოთა რუსთაველის სახელმწიფო უნივერსიტეტის მთავარი ბიბლიოთეკა ბათუმის შოთა რუსთაველის სახელმწიფო უნივერსიტეტის მთავარი ბიბლიოთეკა წიგნსაცავი 2018-12-17 10.50 373.3(479.22)(072) + 371.13(479.22) დ–25 12672 2018-12-17 12672 2018-12-17 წიგნი 10.50 ლ.
          ბათუმის შოთა რუსთაველის სახელმწიფო უნივერსიტეტის მთავარი ბიბლიოთეკა ბათუმის შოთა რუსთაველის სახელმწიფო უნივერსიტეტის მთავარი ბიბლიოთეკა წიგნსაცავი 2018-12-17 10.50 373.3(479.22)(072) + 371.13(479.22) დ–25 12673 2018-12-17 12673 2018-12-17 წიგნი 10.50 ლ.
          ბათუმის შოთა რუსთაველის სახელმწიფო უნივერსიტეტის მთავარი ბიბლიოთეკა ბათუმის შოთა რუსთაველის სახელმწიფო უნივერსიტეტის მთავარი ბიბლიოთეკა წიგნსაცავი 2018-12-17 10.50 373.3(479.22)(072) + 371.13(479.22) დ–25 12674 2018-12-17 12674 2018-12-17 წიგნი 10.50 ლ.
          ბათუმის შოთა რუსთაველის სახელმწიფო უნივერსიტეტის მთავარი ბიბლიოთეკა ბათუმის შოთა რუსთაველის სახელმწიფო უნივერსიტეტის მთავარი ბიბლიოთეკა წიგნსაცავი 2018-12-17 10.50 373.3(479.22)(072) + 371.13(479.22) დ–25 12675 2018-12-17 12675 2018-12-17 წიგნი 10.50 ლ.
          ბათუმის შოთა რუსთაველის სახელმწიფო უნივერსიტეტის მთავარი ბიბლიოთეკა ბათუმის შოთა რუსთაველის სახელმწიფო უნივერსიტეტის მთავარი ბიბლიოთეკა წიგნსაცავი 2018-12-17 10.50 373.3(479.22)(072) + 371.13(479.22) დ–25 12676 2018-12-17 12676 2018-12-17 წიგნი 10.50 ლ.
          ბათუმის შოთა რუსთაველის სახელმწიფო უნივერსიტეტის მთავარი ბიბლიოთეკა ბათუმის შოთა რუსთაველის სახელმწიფო უნივერსიტეტის მთავარი ბიბლიოთეკა წიგნსაცავი 2018-12-17 10.50 373.3(479.22)(072) + 371.13(479.22) დ–25 12677 2018-12-17 12677 2018-12-17 წიგნი 10.50 ლ.
          ბათუმის შოთა რუსთაველის სახელმწიფო უნივერსიტეტის მთავარი ბიბლიოთეკა ბათუმის შოთა რუსთაველის სახელმწიფო უნივერსიტეტის მთავარი ბიბლიოთეკა წიგნსაცავი 2018-12-17 10.50 373.3(479.22)(072) + 371.13(479.22) დ–25 12678 2018-12-17 12678 2018-12-17 წიგნი 10.50 ლ.
          ბათუმის შოთა რუსთაველის სახელმწიფო უნივერსიტეტის მთავარი ბიბლიოთეკა ბათუმის შოთა რუსთაველის სახელმწიფო უნივერსიტეტის მთავარი ბიბლიოთეკა წიგნსაცავი 2018-12-17 10.50 373.3(479.22)(072) + 371.13(479.22) დ–25 12679 2018-12-17 12679 2018-12-17 წიგნი 10.50 ლ.
          ბათუმის შოთა რუსთაველის სახელმწიფო უნივერსიტეტის მთავარი ბიბლიოთეკა ბათუმის შოთა რუსთაველის სახელმწიფო უნივერსიტეტის მთავარი ბიბლიოთეკა წიგნსაცავი 2018-12-17 10.50 373.3(479.22)(072) + 371.13(479.22) დ–25 12680 2018-12-17 12680 2018-12-17 წიგნი 10.50 ლ.
          ბათუმის შოთა რუსთაველის სახელმწიფო უნივერსიტეტის მთავარი ბიბლიოთეკა ბათუმის შოთა რუსთაველის სახელმწიფო უნივერსიტეტის მთავარი ბიბლიოთეკა წიგნსაცავი 2018-12-17 10.50 373.3(479.22)(072) + 371.13(479.22) დ–25 12681 2018-12-17 12681 2018-12-17 წიგნი 10.50 ლ.